[Event "CZE-chT2A 2223"]
[Site "Czech Republic"]
[Date "2023.01.22"]
[Round "7.7"]
[White "Neuman Zakoucka, Adela"]
[Black "Pychova, Nela"]
[Result "0-1"]
[WhiteElo "1889"]
[BlackElo "2096"]
[PlyCount "56"]
[EventDate "2022.10.16"]
[EventType "team-tourn"]
[EventRounds "11"]
[EventCountry "CZE"]
[SourceTitle "EXT 2024"]
[Source "ChessBase"]
[SourceDate "2023.10.10"]
[SourceVersion "1"]
[SourceVersionDate "2023.10.10"]
[SourceQuality "1"]
[WhiteTeam "Vysehrad II"]
[BlackTeam "Vlasim"]
[WhiteTeamCountry "CZE"]
[BlackTeamCountry "CZE"]

1. e4 c5 2. Nc3 Nc6 3. Bb5 Nd4 4. Bc4 e6 5. d3 Ne7 6. f4 Rb8 7. a4 a6 8. Nf3 Nec6 9. 0-0 b5 10. Ba2 Be7 11. Ne2 Nxe2+ 12. Qxe2 0-0 13. Ng5 f6 14. Nf3 Kh8 15. f5 Bd6 16. Nh4 Qe8 17. Qg4 Ne5 18. Qh3 Kg8 19. Bf4 bxa4 20. c3 Rxb2 21. d4 Nf7 22. Ng6 Bxf4 23. Nxf8 Ng5 24. Qd3 Rd2 25. fxe6 dxe6 26. Nxe6 Bxe6 27. Bxe6+ Qxe6 28. Qb1 Qg4 0-1

[Event "CZE-chT2A 2223"]
[Site "Czech Republic"]
[Date "2022.11.06"]
[Round "2.8"]
[White "Neuman Zakoucka, Adela"]
[Black "Petras, Milan"]
[Result "1-0"]
[WhiteElo "1889"]
[BlackElo "1853"]
[PlyCount "191"]
[EventDate "2022.10.16"]
[EventType "team-tourn"]
[EventRounds "11"]
[EventCountry "CZE"]
[SourceTitle "EXT 2024"]
[Source "ChessBase"]
[SourceDate "2023.10.10"]
[SourceVersion "1"]
[SourceVersionDate "2023.10.10"]
[SourceQuality "1"]
[WhiteTeam "Vysehrad II"]
[BlackTeam "Pribram"]
[WhiteTeamCountry "CZE"]
[BlackTeamCountry "CZE"]

1. e4 e6 2. d4 d5 3. Nd2 Nf6 4. exd5 exd5 5. Bd3 Bd6 6. Ngf3 Qe7+ 7. Qe2 Qxe2+ 8. Kxe2 Bg4 9. Re1 0-0 10. Kf1 Nc6 11. c3 Rfe8 12. h3 Bh5 13. Nh4 Rxe1+ 14. Kxe1 Re8+ 15. Kf1 Kf8 16. g4 Bg6 17. Nxg6+ hxg6 18. Nf3 Ne4 19. a3 f5 20. Nh4 Ne7 21. c4 c6 22. b4 Kf7 23. Kg2 Rh8 24. Nf3 Ng8 25. b5 Ngf6 26. Ne5+ Bxe5 27. dxe5 Nd7 28. Bb2 Ke6 29. f4 Ndc5 30. cxd5+ cxd5 31. Bc2 Rh4 32. Bd1 Rh8 33. Bc2 Rh4 34. Bd1 Nd3 35. Bc1 Rh8 36. Be3 b6 37. Be2 Ndc5 38. Rc1 Kd7 39. a4 Rc8 40. Bd1 Ke6 41. h4 Rh8 42. Kh3 Kd7 43. a5 Rb8 44. h5 Ne6 45. hxg6 d4 46. gxf5 dxe3 47. fxe6+ Kxe6 48. Bg4+ Kd5 49. a6 Nf2+ 50. Kg3 Nxg4 51. Kxg4 Ke4 52. Kg3 Rd8 53. e6 Re8 54. Rc6 Kf5 55. Kf3 Kxg6 56. Kxe3 Kf5 57. Kf3 Kf6 58. Rc7 Rxe6 59. Rxa7 Rd6 60. Rb7 Kf5 61. Rc7 Rd3+ 62. Ke2 Ra3 63. Rxg7 Kxf4 64. Re7 Kf5 65. Kd2 Kf6 66. Rb7 Ke5 67. a7 Kd5 68. Rxb6 Rxa7 69. Kc3 Ra4 70. Rh6 Ra5 71. b6 Rc5+ 72. Kb3 Rc1 73. Ka4 Rc6 74. b7 Rxh6 75. b8Q Rc6 76. Kb4 Rc4+ 77. Kb3 Rc6 78. Qg8+ Kd6 79. Kb4 Rc7 80. Qf8+ Re7 81. Kc4 Ke6 82. Kd4 Rf7 83. Qe8+ Kf6 84. Qe5+ Kg6 85. Qe6+ Rf6 86. Qg4+ Kf7 87. Ke5 Rg6 88. Qd7+ Kg8 89. Kf5 Rg7 90. Qe8+ Kh7 91. Kf6 Ra7 92. Qe4+ Kh8 93. Kg6 Rg7+ 94. Kh6 Rg3 95. Qe8+ Rg8 96. Qe5+ 1-0

[Event "Berlin Spandau op"]
[Site "Berlin"]
[Date "2018.12.30"]
[Round "7"]
[White "Giese, Reinhard"]
[Black "Neuman Zakoucka, Adela"]
[Result "1-0"]
[WhiteElo "2099"]
[BlackElo "1955"]
[PlyCount "97"]
[EventDate "2018.12.27"]
[EventType "swiss"]
[EventRounds "7"]
[EventCountry "GER"]
[SourceTitle "EXT 2022"]
[Source "ChessBase"]
[SourceDate "2021.10.06"]
[SourceVersion "1"]
[SourceVersionDate "2021.10.06"]
[SourceQuality "1"]

1. d4 Nf6 2. c4 g6 3. Nc3 Bg7 4. e4 d6 5. h3 0-0 6. Nf3 e5 7. d5 Na6 8. Bg5 Qe8 9. Nd2 Nh5 10. Qc2 Nf4 11. g3 Nb4 12. Qb1 f6 13. gxf4 fxg5 14. fxg5 Qf7 15. Nd1 Qf4 16. a3 Na6 17. Rg1 h6 18. gxh6 Bxh6 19. Qd3 Nc5 20. Qe3 Qxe3+ 21. fxe3 Rf6 22. Rg3 Bd7 23. b4 Na4 24. Rc1 c5 25. Be2 Kh7 26. Bg4 Bxg4 27. hxg4 g5 28. Rf3 Raf8 29. Rf5 Bg7 30. Ke2 Rh6 31. Nf3 Bf6 32. Nxg5+ Kg6 33. Ne6 Rh2+ 34. Nf2 Rfh8 35. g5 Be7 36. bxc5 dxc5 37. Rg1 Nc3+ 38. Kd3 Na4 39. d6 Rd8 40. Nxd8 Bxd8 41. d7 Rh8 42. Ng4 b5 43. Nxe5+ Kg7 44. Rf2 Nb6 45. cxb5 c4+ 46. Kc3 Bc7 47. Rf7+ Kg8 48. Re7 Bxe5+ 49. Rxe5 1-0